000 00447nam a2200181Ia 4500
001 19403
005 20260306172650.0
008 260306t1999||||xx |||||||||||||| ||spa||
041 _aESP
082 _a659.1
_bS23
100 _aSanchez Franco, Manuel J.
_eAUT
245 0 _aEficacia públicitaria:
_bteoría y práctica
260 _c1999
300 _a294 páginas :
_c23 cm.
650 _aGEN
654 _aCAN
942 _cLIB
_dJUS
_fJUS
_2ddc
_n
999 _c19403
_d19403